000 00562nam a22002057a 4500
003 OSt
005 20210419085558.0
008 210227s1965 ||||| |||| 00| 0 eng d
040 _aeng
_beng
_cDLC
041 _aeng
080 _a821.111
_bM-96
100 _91168
_aMurphy, Robert
245 _aDiplomat among Warriors
_c/ by: Pyramid Books
260 _aNew York
_bPyramid Books
_c1965
300 _a525 p.
365 _b0.95 usd
650 0 _9247
_aEnglish literature
653 _aინგლისური ლიტერატურა
942 _2udc
_cBK
999 _c1790
_d1790